会話を盛り上げる話題「たちつてとなかにはいれ」 - Statistics

General Stats
  • This quiz has been taken 21 times
  • The average score is 4 of 11
Answer Stats
頭文字 答え % Correct
天気
90%
食べ物
50%
名前
40%
ニュース
40%
地域
30%
通勤・通学
20%
富(お金・景気)
20%
異性
20%
レジャー
20%
10%
はやり
10%
No matching quizzes found
Score Distribution
Percent of People with Each Score
Percentile by Number Answered
Your Score History
You have not taken this quiz